| 000 | 00556nam a2200229Ia 4500 | ||
|---|---|---|---|
| 008 | 160803s9999 xx 000 0 und d | ||
| 020 | _a9780531254806 | ||
| 100 | _aMarsico, Katie | ||
| 245 | _aManatees / | ||
| 245 | _cby Katie Marsico. | ||
| 260 | _aNew York : | ||
| 260 | _bScholastic Inc. | ||
| 260 | _c2013 | ||
| 300 | _a48 pages : | ||
| 300 | _bcolor illustrations, maps ; | ||
| 300 | _c22 cm. | ||
| 440 | _aNature's children. | ||
| 650 | _aManatees -- | ||
| 650 | _aManatees. | ||
| 650 | _xJuvenile literature. | ||
| 700 | _a1000 | ||
| 999 |
_c299723 _d299723 |
||